Which Terminal? Berlin Brandenburg Airport - Statistics

General Stats
  • This quiz has been taken 14 times
  • The average score is 12 of 15
Answer Stats
Question Answer % Correct
Austrian Airlines Terminal 1
100%
Scoot Terminal 1
100%
Bulgaria Air Terminal 1
100%
TUIfly Terminal 1
100%
AlbaStar Terminal 1
88%
British Airways Terminal 1
88%
Lufthansa Terminal 1
88%
SunExpress Terminal 1
75%
Egyptair Terminal 1
63%
Condor Terminal 1
63%
United Airlines Terminal 1
63%
Ryanair Terminal 2
63%
Wizz Air Terminal 2
63%
Norwegian Terminal 2
63%
Play Terminal 1
38%
No matching quizzes found
Score Distribution
Percent of People with Each Score
Percentile by Number Answered
Your Score History
You have not taken this quiz